A corpus of Roman pottery from Lincoln /

This is the first major analysis of the Roman pottery from excavations in Lincoln (comprising more than 150,000 sherds). The pottery is presented in seven major ware groups. Fine wares include a modest range of imports and are dominated by Nene Valley products. Oxidised wares are mostly local produc...

Full description

Bibliographic Details
Main Author: Darling, Margaret J. (Author)
Corporate Author: JSTOR (Organization)
Format: eBook
Language:English
Published: Oxford, England : Oxbow Books, 2014.
Series:Lincoln archaeological studies ; no. 6.
Subjects:
Online Access:Connect to the full text of this electronic book

MARC

Tag First Indicator Second Indicator Subfields
LEADER 00000cam a2200000Mi 4500
001 in00004635010
006 m o d
007 cr cn|||||||||
008 140818t20142014enkaf ob 001 0 eng d
005 20230103223353.1
035 |a (OCoLC)ocn889306229 
040 |a E7B  |b eng  |e rda  |e pn  |c E7B  |d OCLCO  |d N$T  |d EBLCP  |d CDX  |d YDXCP  |d OCLCF  |d OCLCQ  |d OCLCO  |d OCL  |d OCLCQ  |d OTZ  |d MERUC  |d INT  |d OCLCQ  |d STF  |d UKAHL  |d JSTOR  |d OCLCQ  |d VLY  |d OCLCQ  |d OCLCO  |d YDX 
019 |a 885123212  |a 1162420991 
020 |a 9781782970569  |q (electronic bk.) 
020 |a 1782970568  |q (electronic bk.) 
020 |z 9781842174876 
020 |z 9781782970545  |q (Epub) 
020 |z 9781782970552  |q (Mobi) 
020 |a 1782970541 
020 |a 9781782970545 
035 |a (OCoLC)889306229  |z (OCoLC)885123212  |z (OCoLC)1162420991 
037 |a 22573/ctvgzcxzv  |b JSTOR 
043 |a e-uk-en 
050 4 |a DA690.L67  |b .C677 2014eb 
072 7 |a HIS  |x 002000  |2 bisacsh 
072 7 |a HIS  |x 000000  |2 bisacsh 
072 7 |a ART  |x 015060  |2 bisacsh 
072 7 |a HIS  |x 002020  |2 bisacsh 
082 0 4 |a 936.2/53404  |2 23 
049 |a TXAM 
245 0 2 |a A corpus of Roman pottery from Lincoln /  |c Margaret Darling [and four others]. 
264 1 |a Oxford, England :  |b Oxbow Books,  |c 2014. 
264 4 |c ©2014 
300 |a 1 online resource (409 pages, 4 unnumbered leaves of plates) :  |b illustrations (some color) 
336 |a text  |b txt  |2 rdacontent 
337 |a computer  |b c  |2 rdamedia 
338 |a online resource  |b cr  |2 rdacarrier 
490 1 |a Lincoln Archaeological Studies ;  |v Number 6 
504 |a Includes bibliographical references and index. 
588 0 |a Print version record. 
505 0 |a Cover; Title Page; Copyright Page; Contents; Summary; The Pottery; Chapter 1: Introduction; Chapter 2: Methodology; Chapter 3: The Fine Wares; Chapter 4: The Oxidised Wares; Chapter 5: The Shell- and Calcite-tempered Wares; Chapter 6: The Reduced Wares; Chapter 7: The Mortaria; Chapter 8: The Amphorae; Chapter 9: The Samian; Chapter 10: Discussion; Chapter 11: The Catalogue; Appendices; Appendix I: Clau Fabric codes; Appendix II: Clau Archive codes for vessel types and decoration; Appendix III: Quantification of wares by analysis group. 
505 8 |a Appendix IV: Quantification of forms by city area and siteAppendix V: Mancetter-Hartshill mortaria, dated vessels; Appendix VI: Quantities of samian by city area, site and source; Appendix VII: Samian vessel forms by source, percentages per decade; Appendix VIII: Samian stamps from Lincoln in museum collections; Bibliography; Index; Colour Plates. 
520 |a This is the first major analysis of the Roman pottery from excavations in Lincoln (comprising more than 150,000 sherds). The pottery is presented in seven major ware groups. Fine wares include a modest range of imports and are dominated by Nene Valley products. Oxidised wares are mostly local products with a few imports as are the shell- and calcite-tempered wares and reduced wares. The final three are the standard specialised wares: mortaria, mostly of German and Mancetter-Hartshill manufacture; amphorae (80% Spanish Dressel 20) and samian, mostly from Les Martres/Lezoux and 75% undecorated! 
650 0 |a Pottery, Roman  |z England  |z Lincoln. 
650 0 |a Romans  |z England  |z Lincoln. 
651 0 |a Lincoln (England)  |x Antiquities, Roman. 
651 0 |a England  |x Antiquities, Roman. 
650 6 |a Romains  |z Angleterre  |z Lincoln. 
650 7 |a HISTORY  |x Ancient  |x General.  |2 bisacsh 
650 7 |a HISTORY  |x General.  |2 bisacsh 
650 7 |a Classical antiquities  |2 fast  |0 (OCoLC)fst00863445 
650 7 |a Pottery, Roman.  |2 fast  |0 (OCoLC)fst01073863 
650 7 |a Romans.  |2 fast  |0 (OCoLC)fst01100116 
651 7 |a England  |2 fast  |0 (OCoLC)fst01219920 
651 7 |a England  |z Lincoln.  |2 fast  |0 (OCoLC)fst01202866 
655 7 |a Electronic books.  |2 local 
700 1 |a Darling, Margaret J.,  |e author. 
710 2 |a JSTOR (Organization) 
776 0 8 |i Print version:  |a Darling, Margaret J.  |t Corpus of Roman pottery from Lincoln.  |d Oxford, England : Oxbow Books, ©2014  |h xi, 392 pages  |k Lincoln archaeological studies ; Number 6  |z 9781842174876 
830 0 |a Lincoln archaeological studies ;  |v no. 6. 
856 4 0 |u https://www.jstor.org/stable/10.2307/j.ctvh1dq62  |z Connect to the full text of this electronic book  |t 0 
955 |a JSTOR Open Access ebooks 
994 |a 92  |b TXA 
999 f f |s 6173903d-d616-4acb-9e7e-dcb169d72b1e  |i d2610854-bab8-4eef-bb6b-e48e6cb17f4f  |t 0 
952 f f |a Texas A&M University  |b College Station  |c Electronic Resources  |d Available Online  |t 0  |e DA690.L67 .C677 2014eb  |h Library of Congress classification 
998 f f |a DA690.L67 .C677 2014eb  |t 0  |l Available Online